| 000 | 00720nam a2200253Ia 4500 | ||
|---|---|---|---|
| 003 | OSt | ||
| 005 | 20220918222333.0 | ||
| 006 | a|||||r|||| 00| 0 | ||
| 007 | ta | ||
| 008 | 220917b |||||||| |||| 00| 0 eng d | ||
| 024 | _a216,470 | ||
| 037 | _cTextual | ||
| 040 |
_aARTS _cARTS _beng |
||
| 041 |
_2eng _aeng |
||
| 082 | _aAa:f, N9 | ||
| 100 |
_aNoyons C.M. Ed. _9142830 |
||
| 245 | 0 | _aBibliometric mapping as a science policy and research management tool | |
| 260 |
_aNetherlands _bDSWO press Leiden University _c1999 |
||
| 300 |
_a220p _ccm. |
||
| 490 | _aScience studies wetenschapsstudies | ||
| 650 | _aSCIENCE | ||
| 942 |
_hAa:f, N9 _cTEXL _2CC |
||
| 999 |
_c275208 _d275208 |
||